Analog filter design / (Record no. 189195)
[ view plain ]
| 000 -LEADER | |
|---|---|
| fixed length control field | 01251 a2200181 4500 |
| 003 - CONTROL NUMBER IDENTIFIER | |
| control field | Nust |
| 005 - DATE AND TIME OF LATEST TRANSACTION | |
| control field | 20221205120342.0 |
| 020 ## - INTERNATIONAL STANDARD BOOK NUMBER | |
| International Standard Book Number | 003059246 |
| 040 ## - CATALOGING SOURCE | |
| Transcribing agency | Nust |
| 082 ## - DEWEY DECIMAL CLASSIFICATION NUMBER | |
| Classification number | 621.3815324,VAL |
| 100 ## - MAIN ENTRY--PERSONAL NAME | |
| Personal name | Valkenburg, Van M.E |
| 9 (RLIN) | 104113 |
| 245 ## - TITLE STATEMENT | |
| Title | Analog filter design / |
| Statement of responsibility, etc. | M.E Van Valkenburg, |
| 260 ## - PUBLICATION, DISTRIBUTION, ETC. | |
| Place of publication, distribution, etc. | Holt Rinehat and winston |
| Name of publisher, distributor, etc. | New York |
| Date of publication, distribution, etc. | 1982 |
| 300 ## - PHYSICAL DESCRIPTION | |
| Extent | xi,608 p |
| Other physical details | illus |
| 505 ## - FORMATTED CONTENTS NOTE | |
| Formatted contents note | Introduction (Page-1), Resistor operational amplifier circuits (Page-15), Bilinear transfer functions and frequency (Page-53), Cascade design with first order circuits (Page-85), The Biquad circuits (Page-119), Butterworth lowpass filiters (Page-157), Butterworth bandpass filters (Page-189), The chebyshev response (Page-223), Sensitivity (Page-261), Delay filters (Page-279), Frequency trasformations (Page-299), Highpass and band elimination filters (Page-323), Inverse chebyshev and cauer filters (Page-365), Prototype and frequency transformed ladders (Page-399), Ladder design with simulated elements (Page-429), Leapfrog simulation of ladders (Page-459), Switched capacitor filters (Page-487), Delay equallization (Page-523), Op Amp oscillators (Page-549), Better Op-Amp models (Page-571). |
| 650 ## - SUBJECT ADDED ENTRY--TOPICAL TERM | |
| Topical term or geographic name entry element | Filter design |
| 9 (RLIN) | 104114 |
| 942 ## - ADDED ENTRY ELEMENTS (KOHA) | |
| Source of classification or shelving scheme | |
| Koha item type | Book |
| Withdrawn status | Lost status | Source of classification or shelving scheme | Damaged status | Not for loan | Collection code | Permanent Location | Current Location | Date acquired | Total Checkouts | Full call number | Barcode | Date last seen | Price effective from | Koha item type |
|---|---|---|---|---|---|---|---|---|---|---|---|---|---|---|
| Military College of Signals (MCS) | Military College of Signals (MCS) | 12/12/2016 | 621.3815324 VAL | MCS21272 | 12/08/2016 | 12/12/2016 | Book |
